El compromiso cristiano ante las opciones sociales y la política : texto completo /

Guardado en:
Detalles Bibliográficos
Autor corporativo: Iglesia Católica en México. Conferencia del Episcopado Mexicano
Formato: Libro
Idioma:Español
Publicado: México : Señal, 1973
Etiquetas: Agrega una etiqueta
Sin etiquetas, Sé el primero en etiquetar este registro!

MARC

LEADER 00000nam^a2200000^a^4500
001 000578106
005 20250521000000.0
009 20260310132502.166
037 |a Acervo Xavier Clavigero 
041 |a ESP 
091 |a FIP. 01081 
110 |a Iglesia Católica en México.  |b Conferencia del Episcopado Mexicano 
245 1 3 |a El compromiso cristiano ante las opciones sociales y la política :  |b texto completo / 
264 1 |a México :  |b Señal,  |c 1973 
300 |a 40 p. 
336 |a texto  |b txt  |2 rdacontenido 
337 |a sin mediación  |b n  |2 rdamedio 
338 |a volumen  |b nc  |2 rdasoporte 
649 |a XX 
910 |a Fondo Manuel Ignacio Pérez Alonso S.J. 
920 |a Impresos - Libros 
930 |a Fondos Especiales 
905 |a 140 
901 |a 0500404123  |b IT2  |c ESP  |i D  |u 20250521 
902 |a https://opac.biblio.iteso.mx/vufind/Record/000578106